000 00565nam a2200205Ia 4500
008 101110s9999 xx 000 0 und d
041 _aENGLISH
082 _bSR24623
100 _aBangui P.S., Phatak V.V., Patil C.G., Sardesai P.L.
245 _aNew course in physics Paper-I (sybsc)
260 _bPrachi Prakashan, Mumbai
300 _a0
520 _aPhysics
546 _aENGLISH
630 _aNew course in physics Paper-I (sybsc)
650 _aPhysics
655 _aPhysics
730 _aNew course in physics Paper-I (sybsc)
942 _cBOOK
999 _c817289
_d817286